[Event "Game Explorer Tournament - Traxler with Bxf7+"]
[Site "SchemingMind.com"]
[Date "2006.12.13"]
[Round "-"]
[White "demiurg"]
[Black "Aumonde"]
[Result "1-0"]
[WhiteCountry "HUN"]
[BlackCountry "USA"]
[WhiteElo "2382"]
[WhiteRD "72"]
[BlackElo "2258"]
[BlackRD "56"]
[GameID "81959"]

1. e4 e5 2. Nf3 Nc6 3. Bc4 Nf6 4. Ng5 Bc5 5. Bxf7+ Ke7 6. Bb3 d6 7. d3 Na5 8. O-O Nxb3 9. axb3 c6 10. Nc3 Bg4
11. Nf3 Re8 12. h3 Bh5 13. Be3 Bxe3 14. fxe3 Kf8 15. g4 Bf7 16. Nh4 Kg8 17. Nf5 Rf8 18. g5 Bh5 19. Qe1 Ne8 20. Qh4 Bg6
21. Qg4 Nc7 22. h4 Bxf5 23. exf5 Qd7 24. Qe4 a6 25. Rf2 Rac8 26. Raf1 Rf7 27. h5 Rcf8 28. h6 gxh6 29. gxh6 Kh8 30. Qh4 d5
31. e4 Ne8 32. Rg2 Nf6 33. Kh2 b5 34. Rfg1 b4 35. Nd1 dxe4 36. dxe4 Qd4 37. Nf2 Qe3 38. Rg7 a5 39. Rxf7 Rxf7 40. Rd1
1-0

[Event "Game Explorer Tournament - Traxler with Bxf7+"]
[Site "SchemingMind.com"]
[Date "2006.12.13"]
[Round "-"]
[White "Aumonde"]
[Black "demiurg"]
[Result "1-0"]
[WhiteCountry "USA"]
[BlackCountry "HUN"]
[WhiteElo "2258"]
[WhiteRD "56"]
[BlackElo "2382"]
[BlackRD "72"]
[GameID "81960"]

1. e4 e5 2. Nf3 Nc6 3. Bc4 Nf6 4. Ng5 Bc5 5. Bxf7+ Ke7 6. Bc4 Rf8 7. O-O d6 8. Nc3 Qe8 9. Nd5+ Kd8 10. Nxf6 gxf6
11. Nf3 Qh5 12. c3 Bg4 13. a4 a5 14. h3 Bxf3 15. Qxf3 Qxf3 16. gxf3 f5 17. d3 Kd7 18. h4 f4 19. Kg2 Nd8 20. b3 Ne6
21. Bb2 Rf6 22. Rh1 Rg8+ 23. Kf1 Rfg6 24. d4 exd4 25. cxd4 Bb6 26. Rd1 Ke7 27. e5 dxe5 28. Ba3+ Ke8 29. dxe5 Rh6 30. Bc1 Rg7
31. h5 Rf7 32. Rg1 Bc5 33. Bxe6 Rxe6 34. Rg8+ Rf8 35. Rxf8+ Bxf8 36. Bxf4 Rb6 37. Rd3 Be7 38. Kg2 Rc6 39. Bd2 b6 40. Kg3 Rc5
41. f4 Kf7 42. Be3
1-0

[Event "Game Explorer Tournament - Traxler with Bxf7+"]
[Site "SchemingMind.com"]
[Date "2006.12.27"]
[Round "-"]
[White "riverriver"]
[Black "Aumonde"]
[Result "0-1"]
[WhiteCountry "USA"]
[BlackCountry "USA"]
[WhiteElo "1991"]
[WhiteRD "78"]
[BlackElo "2254"]
[BlackRD "55"]
[GameID "83978"]

1. e4 e5 2. Nf3 Nc6 3. Bc4 Nf6 4. Ng5 Bc5 5. Bxf7+ Kf8 6. Bb3 Qe8 7. d3 Nd4 8. Bf7 Qe7 9. c3 h6 10. cxd4 Bxd4
11. Nc3 hxg5 12. Bb3 g4 13. Bg5 a5 14. Rc1 c6 15. Qd2 d6 16. Ne2 a4 17. Bd1 Bc5 18. Ng3 Bb6 19. O-O g6 20. Qc3 Qh7
21. h4 gxh3 22. Bxf6 hxg2 23. Bxh8 gxf1=Q+ 24. Kxf1 Qh3+ 25. Ke1 Ba5 26. Qxa5 Rxa5 27. Bf6 Rb5 28. b3 Bg4 29. bxa4 Rb2 30. Bg5 Rxf2
31. Kxf2 Qh2+ 32. Ke1 Qxg3+ 33. Kd2 Bxd1 34. Bh6+ Ke7 35. Rxd1 Qh2+ 36. Kc3 Qxh6 37. Rb1 b6
0-1

[Event "Game Explorer Tournament - Traxler with Bxf7+"]
[Site "SchemingMind.com"]
[Date "2006.12.27"]
[Round "-"]
[White "riverriver"]
[Black "demiurg"]
[Result "0-1"]
[WhiteCountry "USA"]
[BlackCountry "HUN"]
[WhiteElo "2025"]
[WhiteRD "82"]
[BlackElo "2342"]
[BlackRD "68"]
[GameID "83979"]

1. e4 e5 2. Nf3 Nc6 3. Bc4 Nf6 4. Ng5 Bc5 5. Bxf7+ Ke7 6. Bb3 Rf8 7. O-O d6 8. Nc3 Nd4 9. d3 h6 10. Nd5+ Nxd5
11. Bxd5 hxg5 12. Bxg5+ Rf6 13. c3 Ne6 14. Bxe6 Bxe6 15. d4 Bb6 16. f4 exd4 17. cxd4 Qd7 18. Rf2 Kf8 19. f5 Bg8 20. Bxf6 gxf6
21. a4 a5 22. Qd2 Qc6 23. Qe3 Re8 24. Re2 Qc4 25. Rd2 Ke7 26. Qc3 Kd8 27. Qxc4 Bxc4 28. Re1 d5 29. Kf2 dxe4 30. Ke3 Bd3
31. h4 c5 32. dxc5 Bxc5+ 33. Kf4 Bb4 34. Rdd1 Bxe1 35. Rxe1 Rh8 36. Rh1 Ke7 37. h5 Kd6 38. g4 Kd5 39. Rc1 Re8 40. Rd1 Kd4
41. h6 e3 42. Rc1 e2 43. Kg3 e1=Q+ 44. Rxe1 Rxe1 45. Kg2 Re8 46. Kf3 Rh8 47. g5 fxg5 48. Kg4 Rxh6 49. Kxg5 Bxf5 50. Kxh6 Kc4
51. Kg5 Kb3 52. Kxf5 Kxa4 53. Ke5 Kb3 54. Ke4 Kxb2 55. Kd4 a4
0-1

[Event "Game Explorer Tournament - Traxler with Bxf7+"]
[Site "SchemingMind.com"]
[Date "2006.12.27"]
[Round "-"]
[White "Aumonde"]
[Black "riverriver"]
[Result "1-0"]
[WhiteCountry "USA"]
[BlackCountry "USA"]
[WhiteElo "2254"]
[WhiteRD "55"]
[BlackElo "1991"]
[BlackRD "78"]
[GameID "83980"]

1. e4 e5 2. Nf3 Nc6 3. Bc4 Nf6 4. Ng5 Bc5 5. Bxf7+ Ke7 6. Bc4 Rf8 7. O-O h6 8. Nf3 Nxe4 9. Nc3 Nxc3 10. dxc3 d6
11. b4 Bb6 12. b5 Na5 13. Nxe5 dxe5 14. Ba3+ Kf6 15. Qf3+ Bf5 16. g4 g6 17. Bd3 Rg8 18. Bxf5 Qd2 19. Rae1 Qf4 20. Qxf4 exf4
21. Be7+ Kg7 22. Be6 Rge8 23. Bd7 Rg8 24. Re4 c6 25. Rfe1 cxb5 26. Rxf4 Kh7 27. Bf6 Bc5 28. g5 a6 29. Be6 Rge8 30. Rd1 Rxe6
31. Rd7+ Kg8 32. Rg7+ Kh8 33. Rh4 Rxf6 34. gxf6 h5 35. Rxg6 Kh7 36. Rg5 Bf8 37. Rhxh5+
1-0

[Event "Game Explorer Tournament - Traxler with Bxf7+"]
[Site "SchemingMind.com"]
[Date "2006.12.27"]
[Round "-"]
[White "demiurg"]
[Black "riverriver"]
[Result "1-0"]
[WhiteCountry "HUN"]
[BlackCountry "USA"]
[WhiteElo "2382"]
[WhiteRD "72"]
[BlackElo "1968"]
[BlackRD "79"]
[GameID "83981"]

1. e4 e5 2. Nf3 Nc6 3. Bc4 Nf6 4. Ng5 Bc5 5. Bxf7+ Ke7 6. Bd5 Rf8 7. O-O d6 8. c3 Bg4 9. Nf3 Bxf3 10. gxf3 Qe8
11. d4 exd4 12. Bxc6 Qxc6 13. cxd4 Bb4 14. Qb3 Ba5 15. Na3 Bb6 16. Be3 Ba5 17. Nc4 Bb6 18. Rac1 Qd7 19. Rfe1 Kd8 20. e5 dxe5
21. dxe5 Bxe3 22. Nxe3 Kc8 23. exf6 Rxf6 24. Ng4 Rf8 25. Ne5 Qf5 26. Qd5 Qg5+ 27. Kh1 Qe7 28. Rxc7+
1-0

[Event "Game Explorer Tournament - Traxler with Bxf7+"]
[Site "SchemingMind.com"]
[Date "2007.01.26"]
[Round "-"]
[White "Adunatos"]
[Black "riverriver"]
[Result "0-1"]
[WhiteCountry "NED"]
[BlackCountry "USA"]
[WhiteElo "2208"]
[WhiteRD "71"]
[BlackElo "1987"]
[BlackRD "80"]
[GameID "88686"]

1. e4 e5 2. Nf3 Nc6 3. Bc4 Nf6 4. Ng5 Bc5 5. Bxf7+ Ke7 6. Bb3 Rf8 7. O-O h6 8. Nf3 d6 9. h3 Nxe4 10. c3 Bxf2+
11. Rxf2 Nxf2 12. Kxf2 Bxh3 13. gxh3 e4 14. Qe1 Rxf3+ 15. Kg2 Ne5 16. d4= exd3 17. Bd5 Rf6 18. Bxb7 Rb8 19. Be4 Qe8 20. c4 Qh5
21. Nc3 Kd8 22. Rb1 Nxc4 23. b3 Ne5 24. Be3 Rb4
0-1

[Event "Game Explorer Tournament - Traxler with Bxf7+"]
[Site "SchemingMind.com"]
[Date "2007.01.26"]
[Round "-"]
[White "Adunatos"]
[Black "Aumonde"]
[Result "1/2-1/2"]
[WhiteCountry "NED"]
[BlackCountry "USA"]
[WhiteElo "2252"]
[WhiteRD "64"]
[BlackElo "2190"]
[BlackRD "59"]
[GameID "88687"]

1. e4 e5 2. Nf3 Nc6 3. Bc4 Nf6 4. Ng5 Bc5 5. Bxf7+ Kf8 6. Bb3 d5 7. Nc3 Nd4 8. exd5 Bg4 9. f3 Bf5 10. Ne6+ Bxe6
11. dxe6 Qe7 12. d3 Nxb3 13. axb3 Qxe6 14. Qe2 Bd4 15. Ne4 a6 16. Ra4 b5 17. Ng5 Qc6 18. Ne6+ Qxe6 19. Rxd4 Kf7 20. Rh4 h6
21. O-O g5 22. Rh3 Qd6 23. Re1 Qd4+ 24. Kf1 Rae8 25. c3 Qd6 26. Kg1 Nd5 27. g3 Kg7 28. b4 Re7 29. Kg2 Rd8 30. Qf2 Qg6
31. Qf1 Ree8 32. Qe2 Nf6 33. Rd1 Rd6 34. Be3 Red8 35. d4 Re8 36. Qd2 Nd5 37. Re1 e4 38. g4 Rf6 39. Qd1= exf3+ 40. Rxf3 Qe4
41. Bd2 Qxg4+ 42. Rg3 Qxd1 43. Rxd1 Re2+ 44. Kg1 Rff2 45. Bxg5 hxg5 46. Rxg5+ Kf6 47. Rxd5 Rg2+ 48. Kh1 Rxh2+ 49. Kg1 Reg2+ 50. Kf1 Rxb2
51. Kg1 Rbg2+ 52. Kf1 Ra2 53. Kg1 Rhg2+ 54. Kh1 Ke6 55. Rh5 Kd7 56. Ra1 Rh2+ 57. Kg1 Rag2+ 58. Kf1 Rf2+ 59. Ke1= Re2+ 60. Kd1 Rd2+
61. Ke1 Rhe2+ 62. Kf1 Rf2+ 63. Ke1 Rde2+ 64. Kd1 Rb2 65. Kc1 Rfc2+ 66. Kd1 Rxc3 67. Rxa6 Rxb4 68. d5 Rbc4 69. Ke2 b4 70. Rh7+ Kc8
71. d6 Re4+ 72. Kf2 Rd4 73. dxc7 Rxc7 74. Rxc7+ Kxc7 75. Ke3 b3 76. Ra1= b2 77. Rb1 Rc4=
1/2-1/2

[Event "Game Explorer Tournament - Traxler with Bxf7+"]
[Site "SchemingMind.com"]
[Date "2007.01.28"]
[Round "-"]
[White "Adunatos"]
[Black "demiurg"]
[Result "1-0"]
[WhiteCountry "NED"]
[BlackCountry "HUN"]
[WhiteElo "2263"]
[WhiteRD "58"]
[BlackElo "2297"]
[BlackRD "65"]
[GameID "88688"]

1. e4 e5 2. Nf3 Nc6 3. Bc4 Nf6 4. Ng5 Bc5 5. Bxf7+ Ke7 6. Bd5 Rf8 7. O-O d6 8. c3 Qe8 9. d4 Bb6 10. Nd2 h6
11. Ngf3 Bg4 12. h3 Bh5 13. Re1 exd4 14. cxd4 Kd8 15. Bxc6 Qxc6 16. e5 Nd5 17. a4 Ba5 18. Kh2 Bxf3 19. gxf3 Nb4 20. Rg1 g5
21. Ne4 Qc2 22. Be3 Qxb2 23. h4 b6 24. Rb1 Qa2 25. hxg5 hxg5 26. exd6 cxd6 27. Rc1 Qe6 28. Bxg5+ Kd7 29. Re1 Qf5 30. Qe2 Qxf3
31. Qb5+ Ke6 32. Nxd6+ Qe4 33. Rxe4+ Kxd6 34. Be7#
1-0

[Event "Game Explorer Tournament - Traxler with Bxf7+"]
[Site "SchemingMind.com"]
[Date "2007.01.25"]
[Round "-"]
[White "riverriver"]
[Black "Adunatos"]
[Result "0-1"]
[WhiteCountry "USA"]
[BlackCountry "NED"]
[WhiteElo "1962"]
[WhiteRD "84"]
[BlackElo "2263"]
[BlackRD "62"]
[GameID "88689"]

1. e4 e5 2. Nf3 Nc6 3. Bc4 Nf6 4. Ng5 Bc5 5. Bxf7+ Ke7 6. Bc4 Na5 7. Nf7 Qf8 8. Qe2 b5 9. Nxh8 bxc4 10. f4 exf4
11. e5 Nd5 12. d4 cxd3 13. Qxd3 Bb7 14. Bd2 Qxh8 15. Bxa5 g6 16. Bc3 Nxc3 17. Qxc3 d6 18. Kd1 Bxg2 19. Re1 Kf8 20. Nd2 Qg7
21. Qc4 Be3 22. Re2 Bh3 23. Qe4 Re8 24. Qf3 Qd7 25. e6 Bxe6 26. Rg2 Qb5 27. b3 Bd5 28. Qe2 Qc6 29. Rf2 Qc3 30. Rb1 Be4
31. Rc1 Bxd2 32. Qxd2 Bf3+
0-1

[Event "Game Explorer Tournament - Traxler with Bxf7+"]
[Site "SchemingMind.com"]
[Date "2007.01.25"]
[Round "-"]
[White "Aumonde"]
[Black "Adunatos"]
[Result "1/2-1/2"]
[WhiteCountry "USA"]
[BlackCountry "NED"]
[WhiteElo "2280"]
[WhiteRD "56"]
[BlackElo "2263"]
[BlackRD "58"]
[GameID "88690"]

1. e4 e5 2. Nf3 Nc6 3. Bc4 Nf6 4. Ng5 Bc5 5. Bxf7+ Ke7 6. Bd5 Rf8 7. O-O d6 8. Bxc6 Bg4 9. Nf3 bxc6 10. c3 Qe8
11. d4 Bxf3 12. Qxf3 exd4 13. e5 dxe5 14. Bg5 Rf7 15. Nd2 Kf8 16. Nb3 Bb6 17. Rae1 c5 18. Nd2 Kg8 19. Qh3 Qb5 20. Nf3 Nd7
21. Qe6 h6 22. Bc1 Qd3 23. Nxe5 Nxe5 24. Rxe5 Rf8 25. cxd4 cxd4 26. b3 Kh7 27. Ba3 Rf6 28. Qc4 Qxc4 29. bxc4 Rf5 30. Re4 Rd8
31. Bb4 d3 32. Bd2 Rd4 33. Rxd4 Bxd4 34. a4 Kg6 35. h3 Kf6 36. g3 Re5 37. Rd1 Re2 38. Ba5 Bxf2+ 39. Kf1= Bxg3 40. Rxd3 Rf2+
41. Kg1 Rf5 42. Bc3+ Be5 43. Bxe5+ Rxe5 44. Rd8= Ra5 45. Rc8 Rxa4 46. Rxc7 a5 47. c5 Ra1+ 48. Kf2 a4 49. c6 a3 50. Rd7 a2
51. Ra7 Ke6 52. c7 Kd7 53. Kg2 g5 54. Kh2 Kc8 55. Kg2 h5 56. Kh2 g4 57. h4 g3+ 58. Kg2 Kd7 59. Ra4 Kxc7 60. Ra7+ Kb6
61. Ra3 Kb5 62. Ra8=
1/2-1/2

[Event "Game Explorer Tournament - Traxler with Bxf7+"]
[Site "SchemingMind.com"]
[Date "2007.01.27"]
[Round "-"]
[White "demiurg"]
[Black "Adunatos"]
[Result "0-1"]
[WhiteCountry "HUN"]
[BlackCountry "NED"]
[WhiteElo "2292"]
[WhiteRD "69"]
[BlackElo "2252"]
[BlackRD "64"]
[GameID "88691"]

1. e4 e5 2. Nf3 Nc6 3. Bc4 Nf6 4. Ng5 Bc5 5. Bxf7+ Ke7 6. Bb3 Rf8 7. O-O d6 8. Nc3 Qe8 9. d3 h6 10. Nf3 Bg4
11. h3 Bh5 12. Be3 Nd4 13. Bxd4 Bxd4 14. a4 a6 15. a5 Kd8 16. Ra4 Kc8 17. Qe2 Kb8 18. Nd1 Bc5 19. c3 d5 20. Ne3 Qb5
21. Qc2 dxe4 22. dxe4 Bxf3 23. gxf3 Nh7 24. Rc4 Qxa5 25. Qd3 Ng5 26. Kg2 Qb6 27. Qd5 Bd6 28. Ra4 Rf6 29. Bc2 Nxf3 30. Nc4 Nh4+
31. Kh1 Qb5 32. Qxb5 axb5 33. Rxa8+ Kxa8 34. Nxd6 Rxd6 35. Rd1 Rg6 36. Rg1 Rf6 37. Rf1 Kb8 38. Bd3 Ng6 39. Bxb5 Rb6 40. Rg1 Nf4
41. Bf1 Rxb2 42. Rxg7 Rb1 43. Rg1 Rc1 44. c4 Ka7 45. Kh2 Kb6 46. Bg2 Rxg1 47. Kxg1 Nxg2 48. Kxg2 Kc5
0-1

[Event "Game Explorer Tournament - Traxler with Bxf7+"]
[Site "SchemingMind.com"]
[Date "2007.01.28"]
[Round "-"]
[White "fjpv"]
[Black "riverriver"]
[Result "1-0"]
[WhiteCountry "POR"]
[BlackCountry "USA"]
[WhiteElo "2227"]
[WhiteRD "86"]
[BlackElo "1989"]
[BlackRD "87"]
[GameID "88891"]

1. e4 e5 2. Nf3 Nc6 3. Bc4 Nf6 4. Ng5 Bc5 5. Bxf7+ Ke7 6. Bd5 Rf8 7. O-O d6 8. c3 Bg4 9. Qe1 Qe8 10. h3 Bc8
11. Qd1 h6 12. Nf3 Qh5 13. d4 Bb6 14. Bxc6 bxc6 15. Nbd2 exd4 16. cxd4 Ba6 17. Re1 Kd8 18. Qc2 c5 19. e5 Nd5 20. dxc5 Bxc5
21. Ne4 Qg6 22. Qa4 Bb7 23. Nxc5 dxc5 24. e6 Qe8 25. Qg4 Rg8 26. Ne5 Nf6 27. e7+ Qxe7 28. Rd1+ Ke8 29. Qa4+ c6 30. Re1 Qc7
31. Bf4 Kd8 32. Rad1+ Nd5 33. Rxd5+ cxd5 34. Nf7+ Qxf7 35. Qa5+ Kc8 36. Qxc5+ Kd8 37. Qa5+ Kc8 38. Rc1+
1-0

[Event "Game Explorer Tournament - Traxler with Bxf7+"]
[Site "SchemingMind.com"]
[Date "2007.01.28"]
[Round "-"]
[White "fjpv"]
[Black "Aumonde"]
[Result "1/2-1/2"]
[WhiteCountry "POR"]
[BlackCountry "USA"]
[WhiteElo "2150"]
[WhiteRD "91"]
[BlackElo "2258"]
[BlackRD "56"]
[GameID "88892"]

1. e4 e5 2. Nf3 Nc6 3. Bc4 Nf6 4. Ng5 Bc5 5. Bxf7+ Ke7 6. Bd5 Rf8 7. O-O d6 8. c3 Bg4 9. Qe1 Qe8 10. h3 h6
11. d4 Bb6 12. hxg4 hxg5 13. a4 Rh8 14. Bxg5 Qg6 15. Bxf6+ Qxf6 16. Bxc6 Qh6 17. f3 a5 18. Kf2 exd4 19. Ke2 Qe3+ 20. Kd1 Qd3+
21. Nd2 dxc3 22. bxc3 bxc6 23. Rc1 Rh2 24. Qe2 Qxe2+ 25. Kxe2 Rxg2+ 26. Kd3 Rd8 27. Rce1 d5 28. exd5+ Kf7 29. Re5 Rxd5+ 30. Rxd5 cxd5
31. Rc1 c6 32. c4 Bd8 33. cxd5 Rxd2+=
1/2-1/2

[Event "Game Explorer Tournament - Traxler with Bxf7+"]
[Site "SchemingMind.com"]
[Date "2007.01.28"]
[Round "-"]
[White "fjpv"]
[Black "demiurg"]
[Result "1-0"]
[WhiteCountry "POR"]
[BlackCountry "HUN"]
[WhiteElo "2266"]
[WhiteRD "87"]
[BlackElo "2342"]
[BlackRD "68"]
[GameID "88893"]

1. e4 e5 2. Nf3 Nc6 3. Bc4 Nf6 4. Ng5 Bc5 5. Bxf7+ Ke7 6. Bd5 Rf8 7. O-O d6 8. c3 Qe8 9. d4 Bb6 10. Re1 h6
11. Nf3 Bg4 12. Nbd2 Qg6 13. Bxc6 bxc6 14. Qa4 Bxf3 15. Nxf3 Kd7 16. Be3 Ng4 17. Nd2 Qh5 18. Nf1 Rae8 19. Rac1 Nxe3 20. Nxe3 exd4
21. cxd4 Qb5 22. Qxb5 cxb5 23. Nd5 c6 24. Nxb6+ axb6 25. a3 g5 26. f3 c5 27. Kf2 g4 28. Rc3 c4 29. d5 h5 30. b3 Rc8
31. Rb1 h4 32. h3 gxf3 33. gxf3 Ke7 34. bxc4 Rxc4 35. Rxc4 bxc4 36. Rxb6 Ra8 37. Rc6 Rxa3 38. Rxc4 Kd7 39. Rc2 Rb3 40. Ra2 Ke7
41. Ra7+
1-0

[Event "Game Explorer Tournament - Traxler with Bxf7+"]
[Site "SchemingMind.com"]
[Date "2007.01.30"]
[Round "-"]
[White "fjpv"]
[Black "Adunatos"]
[Result "1-0"]
[WhiteCountry "POR"]
[BlackCountry "NED"]
[WhiteElo "2264"]
[WhiteRD "92"]
[BlackElo "2252"]
[BlackRD "64"]
[GameID "88894"]

1. e4 e5 2. Nf3 Nc6 3. Bc4 Nf6 4. Ng5 Bc5 5. Bxf7+ Ke7 6. Bd5 Rf8 7. O-O d6 8. c3 Bg4 9. Qb3 h6 10. Qxb7 Na5
11. Qxa8 Qd7 12. b4 c6 13. Qxf8+ Kxf8 14. Ne6+ Bxe6 15. Bxe6 Qxe6 16. bxc5 Nxe4 17. cxd6 Qxd6 18. Ba3 c5 19. Re1 Nf6= 20. d3 Kf7
21. h3 Nc6 22. Rd1 Ne4 23. Nd2 Nxc3 24. Nc4 Qd5 25. Rd2 Nd4 26. Ne3 Qd6= 27. Kh1 Nce2 28. Re1 Kg8 29. Nf5 Qa6 30. Nxd4 Nxd4
31. Bc1 Nc6 32. Kg1 Qa5 33. Ree2 Kf7 34. Rb2 Kf6 35. Be3 Nd4 36. Bxd4 exd4 37. Rec2 Ke6 38. Kf1 Qa6 39. Rc4 g5 40. a4 Kd7
41. Kg1 Qg6 42. Rb5 Qxd3 43. Rbxc5 Qe4 44. Rc1 Kd6 45. Rc8 Qe7 46. a5 Kd5 47. R8c7 Qa3 48. a6 Qxa6 49. Rd7+ Ke4 50. Re1+ Kd3
51. Rd1+ Kc3 52. R7xd4 Qe2 53. Rd5 Kc4 54. R5d2 Qe5 55. Ra2 Qg7 56. Rda1 Qf6 57. Rxa7 Kd3 58. R7a6
1-0

[Event "Game Explorer Tournament - Traxler with Bxf7+"]
[Site "SchemingMind.com"]
[Date "2007.01.28"]
[Round "-"]
[White "riverriver"]
[Black "fjpv"]
[Result "1/2-1/2"]
[WhiteCountry "USA"]
[BlackCountry "POR"]
[WhiteElo "1931"]
[WhiteRD "65"]
[BlackElo "2287"]
[BlackRD "85"]
[GameID "88895"]

1. e4 e5 2. Nf3 Nc6 3. Bc4 Nf6 4. Ng5 Bc5 5. Bxf7+ Ke7 6. Bb3 Rf8 7. d3 d6 8. Nf3 Bg4 9. h3 Bxf3 10. Qxf3 Nd4
11. Qd1 Nxb3 12. axb3 Kf7 13. O-O a6 14. b4 Ba7 15. Nd2 Qe8 16. Nf3 Kg8 17. c3 c6 18. Re1 Qf7 19. Be3 Bxe3 20. Rxe3 Nh5
21. d4 exd4 22. Qxd4 Rad8 23. Ra5 Nf4 24. Rf5 Qg6 25. Rg5 Qf7 26. Rg4 Ng6 27. Rg5 Nf4 28. Rf5 Qg6 29. Rg5 Qh6 30. Rg4 Qf6
31. c4 Ng6 32. Qxf6 Rxf6 33. c5 Ne5 34. Rg3 Nxf3+ 35. Rgxf3 Re6 36. Rf4 dxc5 37. bxc5 Re5 38. Rb3 Rd7 39. Rbf3 g6 40. b4 Kg7
41. g3 h6 42. h4 g5 43. Rg4 Rd4 44. hxg5 hxg5 45. Rb3 Rdxe4 46. Rxe4 Rxe4 47. f3 Rc4 48. Kf2 g4 49. f4 Re4 50. Rb2 Kf6
51. Rb1 Kf5 52. Rb3 Kg6 53. Rb2 Kh6 54. Rb1 Rc4 55. Rb3 Re4 56. Rb2 Kg6 57. Rb1 Kf5 58. Rb3 Rc4 59. Ke3 Rc2 60. Kd4 Rd2+
61. Rd3 Rb2 62. Kc4 Ke4 63. Rd4+ Kf5 64. Rd7 Rg2 65. Rf7+ Ke4 66. Re7+ Kf3 67. f5 Rf2 68. Rxb7 Kxg3 69. Rc7 Rf4+ 70. Kd3 Kf3
71. Rxc6 g3 72. Rxa6 g2 73. Ra1 Rxb4 74. Kc3 Rh4 75. f6 Rf4 76. Rd1 Rxf6 77. Kb4 Kg3 78. Rg1 Kf2 79. Rxg2+ Kxg2= 80. Kb5 Re6=
1/2-1/2

[Event "Game Explorer Tournament - Traxler with Bxf7+"]
[Site "SchemingMind.com"]
[Date "2007.01.28"]
[Round "-"]
[White "Aumonde"]
[Black "fjpv"]
[Result "1/2-1/2"]
[WhiteCountry "USA"]
[BlackCountry "POR"]
[WhiteElo "2258"]
[WhiteRD "56"]
[BlackElo "2150"]
[BlackRD "91"]
[GameID "88896"]

1. e4 e5 2. Nf3 Nc6 3. Bc4 Nf6 4. Ng5 Bc5 5. Bxf7+ Ke7 6. Bd5 Rf8 7. O-O d6 8. Bxc6 bxc6 9. Nf3 Bg4 10. c3 Qe8
11. d4 Bxf3 12. Qxf3 exd4 13. Bg5 Qg6 14. e5 Qxg5 15. exf6+ Qxf6 16. Qxc6 Kf7 17. a4 a5 18. Nd2 Kg8 19. Ne4 Qe5 20. Rad1 dxc3
21. bxc3 Rae8 22. Nxc5 Qxc5 23. Qxc5 dxc5 24. Rd5 Re4 25. Rxc5 Rxa4 26. Rxc7 Ra2 27. h3 h5 28. Rc5 a4 29. Rxh5 Ra8 30. Rc1 a3
31. c4 Rb2 32. Rb5 Kf7 33. g4=
1/2-1/2

[Event "Game Explorer Tournament - Traxler with Bxf7+"]
[Site "SchemingMind.com"]
[Date "2007.01.28"]
[Round "-"]
[White "demiurg"]
[Black "fjpv"]
[Result "1/2-1/2"]
[WhiteCountry "HUN"]
[BlackCountry "POR"]
[WhiteElo "2342"]
[WhiteRD "68"]
[BlackElo "2266"]
[BlackRD "87"]
[GameID "88897"]

1. e4 e5 2. Nf3 Nc6 3. Bc4 Nf6 4. Ng5 Bc5 5. Bxf7+ Ke7 6. Bb3 Rf8 7. O-O d6 8. Nc3 Nd4 9. Nd5+ Nxd5 10. exd5 Rf5
11. Ne4 Kf8 12. d3 Qh4 13. Ng3 Rf7 14. c3 Nxb3 15. axb3 Kg8 16. Ne4 Bb6 17. Bg5 Qg4 18. Qxg4 Bxg4 19. Rfe1 Raf8 20. Be3 Bxe3
21. Rxe3 a6 22. h3 Bf5 23. Re2 h6 24. Rd1 Bxe4 25. dxe4 g5 26. f3 h5 27. Rdd2 g4 28. fxg4 Rf1+ 29. Kh2 hxg4 30. hxg4 R8f7
31. g3 Rh7+ 32. Kg2 Rfh1 33. Rf2 Kg7 34. Kf3 Kg6 35. Ke3 R7h3 36. Kf3=
1/2-1/2

[Event "Game Explorer Tournament - Traxler with Bxf7+"]
[Site "SchemingMind.com"]
[Date "2007.01.28"]
[Round "-"]
[White "Adunatos"]
[Black "fjpv"]
[Result "1-0"]
[WhiteCountry "NED"]
[BlackCountry "POR"]
[WhiteElo "2263"]
[WhiteRD "58"]
[BlackElo "2243"]
[BlackRD "86"]
[GameID "88898"]

1. e4 e5 2. Nf3 Nc6 3. Bc4 Nf6 4. Ng5 Bc5 5. Bxf7+ Ke7 6. Bd5 Rf8 7. O-O d6 8. c3 Bg4 9. Qb3 h6 10. d4 exd4
11. h3 Bd7 12. Nf3 dxc3 13. Nxc3 Na5 14. Qc2 c6 15. Re1 cxd5 16. e5 Nh5 17. b4 Rxf3 18. bxc5 dxe5 19. Nxd5+ Kf8 20. gxf3 Nc6
21. Qg6 Be8 22. Qd6+ Qxd6 23. cxd6 Nd4 24. Kh1 Nc2 25. Nc7 Nxe1 26. Nxa8 Nxf3 27. Ba3 Kg8 28. Rc1 Bd7 29. Rc7 Nf6 30. Rxb7 Bxh3
31. Rb8+ Kf7 32. Rf8+ Kg6 33. Nc7 Bg4 34. Ne8 Ne4 35. Kg2 Neg5 36. Bc1 Bd7 37. Bxg5 Nxg5 38. Nc7 Bc6+ 39. Kg1 Nf7 40. Nd5 Bb5
41. Nc3 Bc6 42. Rc8 Bd7 43. Rc7 Bg4 44. Nd5 Nd8 45. Rxa7 Bf3 46. Ra8 Nb7 47. Rb8 Nc5 48. a4 Kf7 49. Nc7 Nb7 50. a5 Nxd6
51. a6 Ke7 52. a7 g6 53. a8=Q Bxa8 54. Rxa8 h5 55. Kg2 Kf7 56. Ra6 Ke7 57. f4 e4 58. Nd5+ Ke6 59. Nb4 Kd7 60. Nc6 Ke6
61. Ne5 Ke7 62. Nxg6+
1-0

[Event "Game Explorer Tournament - Traxler with Bxf7+"]
[Site "SchemingMind.com"]
[Date "2007.02.05"]
[Round "-"]
[White "Mariazb"]
[Black "fjpv"]
[Result "1-0"]
[WhiteCountry "ARG"]
[BlackCountry "POR"]
[WhiteElo "2349"]
[WhiteRD "71"]
[BlackElo "2243"]
[BlackRD "86"]
[GameID "89710"]

1. e4 e5 2. Nf3 Nc6 3. Bc4 Nf6 4. Ng5 Bc5 5. Bxf7+ Ke7 6. Bb3 Rf8 7. O-O d6 8. Nc3 Nd4 9. Nd5+ Nxd5 10. exd5 h6
11. Ne4 Kf7 12. c3 Nxb3 13. Qxb3 Kg8 14. d3 Bf5 15. Nxc5 dxc5 16. Rd1 b6 17. d4 exd4 18. cxd4 cxd4 19. Rxd4 Qf6 20. Be3 Rad8
21. Rc1 Rf7 22. Rc6 Rd6 23. Rxd6 cxd6 24. Rc4 Re7 25. f3 Qe5 26. Bf2 Qe2 27. Rc1 Re5 28. h3 Qd2 29. Rc7 Re2 30. Qc3 Qxc3
31. bxc3 Rxa2 32. g4 Bd3 33. Rd7 Bc4 34. Rxd6 Kf8 35. Bd4 Ra5 36. Rd8+ Ke7 37. Rg8 g5 38. Rg7+ Kd6 39. Rg6+ Kxd5 40. Rxh6 Ra1+
41. Kg2 a5 42. h4 gxh4 43. g5 a4 44. g6 a3 45. g7 Ra2+ 46. Bf2 Ke5 47. Rxh4 Bf7 48. Rh8 Rc2 49. g8=Q Bxg8 50. Rxg8 a2
51. Ra8 b5 52. Kg3 Kd5 53. Ra3 Re2 54. Bb6 Rd2 55. Ba5 Rb2 56. Kg4 Rg2+ 57. Kf5 Rc2 58. f4 Rf2 59. Kg6 Rg2+ 60. Kf6 Re2
61. f5 Rh2 62. Kf7 Rh7+ 63. Kg6 Rh1 64. Rxa2 Rh8 65. f6 Kd6 66. f7
1-0

[Event "Game Explorer Tournament - Traxler with Bxf7+"]
[Site "SchemingMind.com"]
[Date "2007.02.01"]
[Round "-"]
[White "Mariazb"]
[Black "riverriver"]
[Result "1-0"]
[WhiteCountry "ARG"]
[BlackCountry "USA"]
[WhiteElo "2267"]
[WhiteRD "65"]
[BlackElo "1991"]
[BlackRD "78"]
[GameID "89711"]

1. e4 e5 2. Nf3 Nc6 3. Bc4 Nf6 4. Ng5 Bc5 5. Bxf7+ Ke7 6. Bb3 Rf8 7. O-O h6 8. Nf3 d6 9. d3 Bg4 10. h3 Bh5
11. c3 Qd7 12. Nbd2 Kd8 13. Bc4 g5 14. b4 Bb6 15. a4 g4 16. hxg4 Nxg4 17. a5 Bxf2+ 18. Rxf2 Nxf2 19. Kxf2 Qg7 20. a6 Rb8
21. axb7 Rxb7 22. Bd5 Be8 23. Nc4 Rb5 24. Qh1 Rf6 25. Ne3 a5 26. Bc4 Rb8 27. Nf5 Qg6 28. Bxh6 axb4 29. Bg5 Kd7 30. Qh3 Re6
31. Bxe6+ Qxe6 32. d4 exd4 33. cxd4 d5 34. exd5 Qxd5 35. Ng7+ Kd6 36. Bf4+ Ke7 37. Re1+ Kf7 38. Qh7 Qa2+ 39. Kg3
1-0

[Event "Game Explorer Tournament - Traxler with Bxf7+"]
[Site "SchemingMind.com"]
[Date "2007.02.01"]
[Round "-"]
[White "Mariazb"]
[Black "Aumonde"]
[Result "0-1"]
[WhiteCountry "ARG"]
[BlackCountry "USA"]
[WhiteElo "2198"]
[WhiteRD "71"]
[BlackElo "2254"]
[BlackRD "57"]
[GameID "89712"]

1. e4 e5 2. Nf3 Nc6 3. Bc4 Nf6 4. Ng5 Bc5 5. Bxf7+ Ke7 6. Bb3 d6 7. Nc3 Nd4 8. d3 c6 9. Nf7 Qf8 10. Nxh8 Nxb3
11. cxb3 Bxf2+ 12. Ke2 Bg4+
0-1